[Event "Faaborg 100 aar GM 2025"]
[Site "Faaborg"]
[Date "2025.10.15"]
[Round "4.4"]
[White "Thavandiran, Shiyam"]
[Black "Gloeckler, Christian"]
[Result "1-0"]
[WhiteElo "2402"]
[BlackElo "2451"]
[WhiteFideId "2605058"]
[BlackFideId "34608966"]
[EventDate "2025.10.13"]
[EventType "tourn"]
[EventRounds "9"]
[EventCountry "DEN"]
[SourceTitle "Live v. Faaborg Skakklub"]

1. e4 c5 2. Nf3 d6 3. d4 cxd4 4. Nxd4 Nf6 5. Nc3 a6 6. h3 e5 7. Nb3 Be7 8. g4 h6 9. Be3 Be6 10. Qf3 Nbd7 11. O-O-O Rc8 12. Qg2 Rxc3 13. bxc3 Qc7 14. f4 Bxb3 15. axb3 d5 16. Bd3 Qxc3 17. Kb1 dxe4 18. fxe5 Ba3 19. Bc1 Bxc1 20. Rxc1 Nxe5 21. Bxe4 a5 22. Qe2 a4 23. Qb5+ Nfd7 24. Qxa4 O-O 25. Rhe1 f6 26. Rcd1 Nb6 27. Qd4 Qa5 28. Bd5+ Kh8 29. Be4 Kg8 30. h4 Ra8 31. g5 Qa2+ 32. Kc1 Qa3+ 33. Qb2 Qa5 34. gxf6 gxf6 35. Rg1+ Kf7 36. Kb1 Ra6 37. Rg3 Qb4 38. Qd4 Qa5 39. Rdg1 Qa2+ 40. Kc1 Qa3+ 41. Kd1 Nbd7 42. Qd5+ Ke7 43. Rg7+ Kd8 44. Rg8+ Kc7 45. Qxb7+ Kd6 46. Ke2 Ra7 47. Rd1+ Ke6 48. Qc8 Qa6+ 49. Qxa6+ Rxa6 50. Rh8 f5 51. Rxh6+ Nf6 52. Bxf5+ Kxf5 53. Rf1+ 1-0

[Event "Faaborg 100 aar GM 2025"]
[Site "Faaborg"]
[Date "2025.10.15"]
[Round "4.5"]
[White "Pajeken, Jakob Leon"]
[Black "Hacker, Jonas"]
[Result "1-0"]
[WhiteElo "2454"]
[BlackElo "2342"]
[WhiteFideId "12942839"]
[BlackFideId "1270968"]
[EventDate "2025.10.13"]
[EventType "tourn"]
[EventRounds "9"]
[EventCountry "DEN"]
[SourceTitle "Live v. Faaborg Skakklub"]

1. Nf3 d5 2. g3 Nd7 3. d4 Nb6 4. Bg2 Nf6 5. b3 Bf5 6. Bb2 e6 7. Nbd2 h6 8. O-O Be7 9. Ne5 O-O 10. c4 c6 11. Re1 Bh7 12. e4 Bb4 13. f3 c5 14. Nd3 dxc4 15. Nxb4 c3 16. Bxc3 cxb4 17. Bb2 Ne8 18. Nf1 Nc7 19. Qd2 Na6 20. Ne3 f5 21. exf5 Bxf5 22. Nxf5 exf5 23. f4 Qd7 24. d5 Rad8 25. Re5 Nc8 26. Rae1 Kh8 27. Qd4 Rf7 28. Re6 Kh7 29. g4 Nc7 30. Qe5 fxg4 31. Be4+ Kg8 32. Bg6 Rff8 33. Rc1 Nxd5 34. Rd1 Ncb6 35. Rxb6 g3 36. Rxd5 gxh2+ 37. Kxh2 1-0

[Event "Faaborg 100 aar GM 2025"]
[Site "Faaborg"]
[Date "2025.10.16"]
[Round "5.1"]
[White "Jalving, August"]
[Black "Hector, Jonny"]
[Result "0-1"]
[WhiteElo "2298"]
[BlackElo "2431"]
[WhiteFideId "1471759"]
[BlackFideId "1700090"]
[EventDate "2025.10.13"]
[EventType "tourn"]
[EventRounds "9"]
[EventCountry "DEN"]
[SourceTitle "Live v. Faaborg Skakklub"]

1. e4 e5 2. Nf3 Nc6 3. Bb5 a6 4. Ba4 Bc5 5. O-O Nge7 6. c3 Ng6 7. d4 Ba7 8. Bg5 f6 9. Be3 O-O 10. Nbd2 Kh8 11. Re1 exd4 12. Nxd4 Nxd4 13. Bxd4 d6 14. Bxa7 Rxa7 15. Bc2 f5 16. exf5 Bxf5 17. Re3 Ra8 18. Bxf5 Rxf5 19. Rf3 Re5 20. Nc4 Re6 21. Qd5 Qe7 22. Re3 Rxe3 23. Nxe3 c6 24. Qd2 d5 25. Re1 Qg5 26. Nf1 Qf6 27. Re3 Rd8 28. Rf3 Qe7 29. h3 c5 30. Ne3 d4 31. cxd4 cxd4 32. Nf5 Qd7 33. h4 Ne5 34. Rf4 Nc6 35. Ng3 Qe6 36. b3 d3 37. Rf3 Qd5 38. Rf4 h6 39. Nf1 Qe5 40. Rf3 Qe4 41. Ng3 Qb4 42. Nf1 Qd6 43. Rg3 a5 44. Ne3 Nd4 45. Kh1 Ne2 46. Rg4 b5 47. a4 Qf6 48. Nd1 b4 49. Rc4 Rd4 50. Rxd4 Qxd4 51. g3 Qd5+ 52. Kh2 Qf3 53. Qe1 Kh7 54. Ne3 d2 55. Qf1 Kh8 0-1

[Event "Faaborg 100 aar GM 2025"]
[Site "Faaborg"]
[Date "2025.10.16"]
[Round "5.2"]
[White "Hagner, Bennet"]
[Black "Rasmussen, Allan Stig"]
[Result "1-0"]
[WhiteElo "2445"]
[BlackElo "2501"]
[WhiteFideId "16224477"]
[BlackFideId "1406000"]
[EventDate "2025.10.13"]
[EventType "tourn"]
[EventRounds "9"]
[EventCountry "DEN"]
[SourceTitle "Live v. Faaborg Skakklub"]

1. e4 c6 2. d4 d5 3. e5 c5 4. Nf3 cxd4 5. Nxd4 Nc6 6. Nxc6 bxc6 7. Bd3 e6 8. O-O Ne7 9. Nd2 Ng6 10. Nf3 Be7 11. Re1 O-O 12. c3 c5 13. g3 f5 14. exf6 gxf6 15. c4 d4 16. h4 Rf7 17. b4 Rb8 18. h5 Nf8 19. bxc5 Bxc5 20. Bh6 e5 21. Nh4 Ne6 22. Nf5 Kh8 23. Qe2 Bf8 24. Rab1 Rb6 25. Bd2 Rxb1 26. Rxb1 Nc5 27. Nh6 Bxh6 28. Bxh6 Qd6 29. Be4 f5 30. Bd5 Rf6 31. Bg5 Rf8 32. Rb5 Nd7 33. Qd2 a6 34. Rb1 Kg7 35. f4 h6 36. fxe5 Nxe5 37. Bf4 Qxd5 38. Bxh6+ Kh7 39. cxd5 Nf3+ 40. Kf2 Nxd2 41. Bxd2 f4 42. Bxf4 Rf5 43. Rc1 Bd7 44. d6 Kg7 45. h6+ Kg6 46. Rc7 Rf7 47. Ke1 Bb5 48. Kd2 Rh7 49. Rc5 Rd7 50. Rd5 Bc4 51. Rg5+ Kf6 52. Rh5 Rh7 53. a3 1-0

[Event "Faaborg 100 aar GM 2025"]
[Site "Faaborg"]
[Date "2025.10.16"]
[Round "5.3"]
[White "Liu, Casper Yukun"]
[Black "Pajeken, Jakob Leon"]
[Result "0-1"]
[WhiteElo "2361"]
[BlackElo "2454"]
[WhiteFideId "1454153"]
[BlackFideId "12942839"]
[EventDate "2025.10.13"]
[EventType "tourn"]
[EventRounds "9"]
[EventCountry "DEN"]
[SourceTitle "Live v. Faaborg Skakklub"]

1. e4 c5 2. Nf3 d6 3. d4 cxd4 4. Nxd4 Nf6 5. Nc3 a6 6. Bg5 e6 7. f4 h6 8. Bh4 Nbd7 9. Qe2 e5 10. O-O-O exd4 11. e5 dxe5 12. fxe5 Be7 13. Rxd4 O-O 14. exf6 Bxf6 15. Bxf6 Qxf6 16. Qe3 Qe5 17. Re4 Qc5 18. Bc4 b5 19. Bd5 Rb8 20. Qg3 b4 21. Bxf7+ Rxf7 22. Re8+ Rf8 23. Ne4 Qf5 24. Rxf8+ Qxf8 25. Rd1 Rb6 26. Qc7 Re6 27. Ng3 Kh7 28. Qc4 Ne5 29. Qc7 Ng6 30. Rf1 Qe8 0-1

[Event "Faaborg 100 aar GM 2025"]
[Site "Faaborg"]
[Date "2025.10.16"]
[Round "5.4"]
[White "Gloeckler, Christian"]
[Black "Chatalbashev, Boris"]
[Result "0-1"]
[WhiteElo "2451"]
[BlackElo "2506"]
[WhiteFideId "34608966"]
[BlackFideId "2900440"]
[EventDate "2025.10.13"]
[EventType "tourn"]
[EventRounds "9"]
[EventCountry "DEN"]
[SourceTitle "Live v. Faaborg Skakklub"]

1. Nf3 Nf6 2. c4 c5 3. b3 e6 4. Bb2 d5 5. cxd5 exd5 6. g3 Nc6 7. Bg2 d4 8. O-O Be7 9. Na3 O-O 10. Nc4 Nd5 11. e3 Bf6 12. exd4 cxd4 13. Re1 Bg4 14. Qb1 Re8 15. Rxe8+ Qxe8 16. h3 Be6 17. Qf1 Qd7 18. Re1 Qc7 19. h4 h6 20. Rxe6 fxe6 21. Qe1 Re8 22. Nh2 b5 23. Na3 Ne5 24. Be4 Qc5 25. Kg2 Nb4 26. Qe2 Nd7 27. Qg4 Nf8 28. Qf4 Nd5 29. Qf3 d3 30. Bxf6 Nxf6 31. b4 Qxb4 32. Bxd3 Rd8 33. Nxb5 Qxd2 34. Bc4 a6 35. Nc7 Qd6 36. Nxa6 N8d7 37. Bb5 Ne5 38. Qe2 Nd5 39. a4 Nc3 40. Qe3 Qd5+ 41. Kh3 Nd1 42. Qe2 Qh1 43. Qf1 Qe4 44. Qe2 Qxe2 45. Bxe2 Nxf2+ 46. Kg2 Ne4 47. Nf3 Ng4 48. Ne1 Rd2 49. Kf3 Nc3 50. Bd3 h5 51. Kf4 Rd1 0-1

[Event "Faaborg 100 aar GM 2025"]
[Site "Faaborg"]
[Date "2025.10.16"]
[Round "5.5"]
[White "Hacker, Jonas"]
[Black "Thavandiran, Shiyam"]
[Result "0-1"]
[WhiteElo "2342"]
[BlackElo "2402"]
[WhiteFideId "1270968"]
[BlackFideId "2605058"]
[EventDate "2025.10.13"]
[EventType "tourn"]
[EventRounds "9"]
[EventCountry "DEN"]
[SourceTitle "Live v. Faaborg Skakklub"]

1. d4 Nf6 2. c4 e6 3. Nc3 Bb4 4. e3 O-O 5. a3 Bxc3+ 6. bxc3 c5 7. Bd3 Nc6 8. Ne2 d6 9. O-O e5 10. Ng3 Re8 11. d5 Na5 12. e4 Nd7 13. Nf5 Nb6 14. Ne3 Bd7 15. Rb1 Rb8 16. Qh5 Rf8 17. f4 exf4 18. Rxf4 g6 19. Qf3 f6 20. Bd2 g5 21. Qg3 Qe7 22. h4 Qe5 23. hxg5 fxg5 24. Rxf8+ Rxf8 25. Qxe5 dxe5 26. Nf1 h6 27. Be1 Nc8 28. Nd2 Nd6 29. Bg3 Re8 30. Kf2 b6 31. Be2 Bc8 32. Kg1 Kg7 33. Rf1 Re7 34. Kf2 Rf7+ 35. Bf3 Naxc4 36. Ke1 Re7 37. Nxc4 Nxc4 38. Be2 Nd6 39. Bd3 h5 40. Kd2 h4 41. Bf2 Rf7 42. Ke3 Bd7 43. Rb1 Kg6 44. Rb2 Rh7 45. Rb1 g4 46. Rh1 g3 47. Be1 Bg4 48. c4 Bc8 49. Bc3 Nf7 50. a4 h3 51. Kf3 hxg2 52. Rg1 Ng5+ 53. Ke3 Rf7 54. Be2 Bh3 55. Bxe5 Rf1 56. Bxf1 gxf1=Q 57. Rxf1 Bxf1 58. Bxg3 Bxc4 59. Bb8 a6 60. Ba7 Bb3 61. Bxb6 c4 62. Kd4 Nf3+ 63. Kc3 Ng5 64. Kd4 Bxa4 65. Kxc4 Nxe4 66. Bc7 Nf6 67. Bh2 Kf5 68. d6 Ke4 69. Kb4 Bb5 70. Bg3 Kd5 71. Bh2 Nd7 72. Bg3 Kc6 73. Bh2 Nc5 74. Bg3 Nb7 75. Bf4 a5+ 76. Ka3 Kc5 77. Bg3 Bd7 78. Bf4 Kb5 79. Bg3 Be6 80. Kb2 Bh3 81. Ka3 Bg4 82. Kb2 Bf5 83. Ka3 a4 84. Kb2 Na5 85. Ka2 Nc4 86. Bf4 Be6 87. Kb1 Kb4 88. Ka1 Kb3 89. Kb1 Na3+ 90. Kc1 Nc2 91. Be5 a3 92. Kd2 a2 93. Kd3 Bf5+ 94. Kd2 a1=Q 95. Bxa1 Nxa1 96. Ke3 Kc4 97. Kf4 Bd7 98. Ke4 Kc5 99. Kd3 Nb3 100. Ke4 Kxd6 101. Kd3 Kd5 102. Kc3 Nc5 103. Kd2 Kd4 104. Kc2 Bf5+ 105. Kd2 Bd3 106. Kc1 Ke3 107. Kb2 Kd2 108. Ka2 Kc3 109. Ka1 Nb3+ 110. Ka2 Bc2 111. Ka3 Bb1 112. Ka4 Nd4 113. Ka5 Kc4 114. Kb6 Nb5 115. Kc6 Bf5 116. Kb6 Be4 117. Ka5 Kc5 118. Ka4 Bc2+ 119. Ka5 Nd6 120. Ka6 Bb3 121. Ka5 Nb7+ 122. Ka6 Kc6 123. Ka7 Kc7 0-1

[Event "Faaborg 100 aar GM 2025"]
[Site "Faaborg"]
[Date "2025.10.17"]
[Round "6.1"]
[White "Hector, Jonny"]
[Black "Gloeckler, Christian"]
[Result "1-0"]
[WhiteElo "2431"]
[BlackElo "2451"]
[WhiteFideId "1700090"]
[BlackFideId "34608966"]
[EventDate "2025.10.13"]
[EventType "tourn"]
[EventRounds "9"]
[EventCountry "DEN"]
[SourceTitle "Live v. Faaborg Skakklub"]

1. e4 c5 2. Nf3 d6 3. d4 cxd4 4. Nxd4 Nf6 5. Nc3 a6 6. Bg5 e6 7. f4 Nbd7 8. Qf3 Qc7 9. O-O-O b5 10. Bd3 Bb7 11. Rhe1 Qb6 12. Bxf6 Nxf6 13. f5 O-O-O 14. Nb3 b4 15. Ne2 e5 16. Ng3 Kb8 17. Nf1 a5 18. Ne3 Qc7 19. Kb1 Be7 20. g4 Rc8 21. g5 Nd7 22. h4 a4 23. Nd2 a3 24. Nd5 Bxd5 25. exd5 f6 26. Re4 Qa7 27. Rxb4+ Kc7 28. Bb5 Rb8 29. Ra4 Qb7 30. c4 Ra8 31. Rxa3 Rxa3 32. Qxa3 Ra8 33. Qe3 fxg5 34. hxg5 Rf8 35. Rf1 Nb6 36. a4 Qa8 37. f6 gxf6 38. gxf6 Rxf6 39. Rxf6 Bxf6 40. Qh6 Qh8 41. Ne4 Be7 42. c5 Nc8 43. Qe6 Qd8 44. Ba6 Na7 45. Qf7 Qd7 46. c6 Qd8 47. Ng5 Kb6 48. Ne6 Qb8 49. Bb7 Bh4 50. Qxh7 Bf2 51. Qd3 1-0

[Event "Faaborg 100 aar GM 2025"]
[Site "Faaborg"]
[Date "2025.10.17"]
[Round "6.2"]
[White "Rasmussen, Allan Stig"]
[Black "Jalving, August"]
[Result "1/2-1/2"]
[WhiteElo "2501"]
[BlackElo "2298"]
[WhiteFideId "1406000"]
[BlackFideId "1471759"]
[EventDate "2025.10.13"]
[EventType "tourn"]
[EventRounds "9"]
[EventCountry "DEN"]
[SourceTitle "Live v. Faaborg Skakklub"]

1. d4 Nf6 2. c4 e6 3. Nf3 d5 4. e3 Be7 5. Nc3 O-O 6. a3 b6 7. cxd5 exd5 8. Bd3 Ba6 9. O-O c5 10. Bxa6 Nxa6 11. Qa4 Qc8 12. dxc5 bxc5 13. Bd2 Rb8 14. b4 cxb4 15. axb4 Nxb4 16. Rfc1 Qe6 17. Nd4 Qb6 18. Ncb5 a6 19. Nf5 Bc5 20. Bxb4 Bxb4 21. Nbd4 a5 22. Rc6 Qd8 23. Qd1 g6 24. Nh6+ Kh8 25. Qf3 Be7 26. g4 Ne4 27. Nxf7+ Rxf7 28. Qxf7 Ng5 29. Ne6 Nxf7 30. Nxd8 Bxd8 31. f4 Bb6 32. Kf2 Kg7 33. g5 Bd8 34. Kf3 Rb3 35. Rd1 a4 36. Rxd5 a3 37. Rd7 a2 38. Ra6 Bb6 39. Rxa2 Rxe3+ 40. Kg2 Bc5 41. Rb2 1/2-1/2

[Event "Faaborg 100 aar GM 2025"]
[Site "Faaborg"]
[Date "2025.10.17"]
[Round "6.3"]
[White "Liu, Casper Yukun"]
[Black "Hagner, Bennet"]
[Result "1-0"]
[WhiteElo "2361"]
[BlackElo "2445"]
[WhiteFideId "1454153"]
[BlackFideId "16224477"]
[EventDate "2025.10.13"]
[EventType "tourn"]
[EventRounds "9"]
[EventCountry "DEN"]
[SourceTitle "Live v. Faaborg Skakklub"]

1. e4 c5 2. Nf3 d6 3. d4 cxd4 4. Nxd4 Nf6 5. Nc3 a6 6. Bg5 e6 7. f4 h6 8. Bh4 Qb6 9. a3 Nbd7 10. Bf2 Qc7 11. Qf3 b5 12. O-O-O Rb8 13. Kb1 b4 14. axb4 Rxb4 15. Nb3 Be7 16. Bd3 O-O 17. Na2 Rb8 18. g4 a5 19. Nc3 Bb7 20. h4 a4 21. Nxa4 d5 22. Nc3 Bb4 23. e5 Bxc3 24. exf6 Bxb2 25. g5 d4 26. Qh5 Nxf6 27. gxf6 Qxf4 28. Rhg1 Qxf6 29. Bg3 Bf3 30. Be5 Bxh5 31. Bxf6 g6 32. Kxb2 Bxd1 33. Rxd1 Rfe8 34. Be5 Rbd8 35. Be4 f5 36. Bc6 Rf8 37. Nxd4 Kf7 38. Ra1 Rb8+ 39. Kc1 g5 40. h5 Rbe8 41. Bxe8+ Rxe8 42. Ra7+ 1-0

[Event "Faaborg 100 aar GM 2025"]
[Site "Faaborg"]
[Date "2025.10.17"]
[Round "6.4"]
[White "Chatalbashev, Boris"]
[Black "Hacker, Jonas"]
[Result "1-0"]
[WhiteElo "2506"]
[BlackElo "2342"]
[WhiteFideId "2900440"]
[BlackFideId "1270968"]
[EventDate "2025.10.13"]
[EventType "tourn"]
[EventRounds "9"]
[EventCountry "DEN"]
[SourceTitle "Live v. Faaborg Skakklub"]

1. d4 Nf6 2. c4 e6 3. Nc3 Bb4 4. Nf3 O-O 5. Bg5 c5 6. Rc1 h6 7. Bh4 cxd4 8. Nxd4 Nc6 9. e3 Be7 10. Be2 d5 11. O-O Nxd4 12. Qxd4 dxc4 13. Qxc4 Bd7 14. Rfd1 Qe8 15. Qb3 Bc6 16. Nb5 Qb8 17. Bg3 e5 18. Nd4 Bd5 19. Bc4 Bxc4 20. Qxc4 Nh5 21. Nf5 Bf6 22. Rd7 Nxg3 23. hxg3 Qc8 24. Nxh6+ 1-0

[Event "Faaborg 100 aar GM 2025"]
[Site "Faaborg"]
[Date "2025.10.17"]
[Round "6.5"]
[White "Pajeken, Jakob Leon"]
[Black "Thavandiran, Shiyam"]
[Result "1/2-1/2"]
[WhiteElo "2454"]
[BlackElo "2402"]
[WhiteFideId "12942839"]
[BlackFideId "2605058"]
[EventDate "2025.10.13"]
[EventType "tourn"]
[EventRounds "9"]
[EventCountry "DEN"]
[SourceTitle "Live v. Faaborg Skakklub"]

1. e4 e6 2. d4 d5 3. Nc3 Nf6 4. e5 Nfd7 5. f4 c5 6. Nf3 Nc6 7. Be3 a6 8. a3 cxd4 9. Nxd4 Bc5 10. Qd2 O-O 11. O-O-O Bxd4 12. Bxd4 b5 13. h4 Qe7 14. Rh3 Rb8 15. h5 b4 16. Ne2 Nc5 17. Bxc5 Qxc5 18. h6 g6 19. Nd4 Na5 20. Nb3 Nxb3+ 21. Rxb3 bxa3 22. Rxa3 Rb4 23. g3 d4 24. c3 Bb7 25. Kb1 dxc3 26. Qxc3 Qb6 27. Ka1 Rc8 28. Qd2 Bd5 29. Rc1 Rb8 30. Qc3 Bc4 31. b3 Bxb3 32. Qc8+ Qd8 33. Qxd8+ Rxd8 34. Rb1 Rdb8 35. Bxa6 Kf8 36. Be2 Ke8 37. Bf3 Kd8 38. Ra7 R8b6 39. Bd1 Bxd1 40. Rxd1+ Kc8 41. Rdd7 Rb1+ 1/2-1/2

[Event "Faaborg 100 aar GM 2025"]
[Site "Faaborg"]
[Date "2025.10.17"]
[Round "7.1"]
[White "Hacker, Jonas"]
[Black "Hector, Jonny"]
[Result "1/2-1/2"]
[WhiteElo "2342"]
[BlackElo "2431"]
[WhiteFideId "1270968"]
[BlackFideId "1700090"]
[EventDate "2025.10.13"]
[EventType "tourn"]
[EventRounds "9"]
[EventCountry "DEN"]
[SourceTitle "Live v. Faaborg Skakklub"]

1. d4 d5 2. c4 c6 3. cxd5 cxd5 4. Bf4 Nc6 5. e3 Bf5 6. Nc3 e6 7. Qb3 Bb4 8. Rc1 Nge7 9. Nf3 O-O 10. Be2 Bd6 11. Bxd6 Qxd6 12. O-O h6 13. h3 Rad8 14. Rfd1 Bh7 15. Bf1 f5 16. Qxb7 Rb8 17. Nb5 Rxb7 18. Nxd6 Rxb2 19. Bb5 Rd8 20. Bxc6 Rxd6 21. Ne5 f4 22. exf4 Nxc6 23. Nxc6 Bc2 24. Ne7+ Kf7 25. Rd2 Rxa2 26. Nc8 Rc6 27. Nxa7 Rc4 28. Nb5 Ke7 29. Kh2 Kd7 30. h4 h5 31. Re2 g6 32. Rd2 Ke7 33. Re2 Kd7 34. Rd2 Ke7 35. Re2 Kd7 1/2-1/2

[Event "Faaborg 100 aar GM 2025"]
[Site "Faaborg"]
[Date "2025.10.17"]
[Round "7.2"]
[White "Gloeckler, Christian"]
[Black "Rasmussen, Allan Stig"]
[Result "1/2-1/2"]
[WhiteElo "2451"]
[BlackElo "2501"]
[WhiteFideId "34608966"]
[BlackFideId "1406000"]
[EventDate "2025.10.13"]
[EventType "tourn"]
[EventRounds "9"]
[EventCountry "DEN"]
[SourceTitle "Live v. Faaborg Skakklub"]

1. e4 c6 2. d4 d5 3. f3 e6 4. Bd3 c5 5. c3 Nc6 6. Ne2 dxe4 7. fxe4 Qh4+ 8. g3 Qd8 9. e5 Nge7 10. Be3 Nd5 11. Bf2 Bd7 12. Be4 cxd4 13. cxd4 Nce7 14. Nd2 Bc6 15. O-O h5 16. Nc3 Nf5 17. Qf3 g6 18. Ndb1 Qd7 19. Nxd5 Bxd5 20. Nc3 Bxe4 21. Nxe4 Be7 22. Nc5 Bxc5 23. dxc5 Qc6 24. Qxc6+ bxc6 25. Rfd1 Rd8 26. Rxd8+ Kxd8 27. Rd1+ Kc8 28. Kg2 Rd8 29. Rxd8+ Kxd8 30. h3 Ne7 31. Be3 Nd5 32. Bg5+ Kd7 33. Kf3 Nb4 34. Ke4 Nd5 35. Bd2 a6 36. Kd4 Ne7 37. g4 hxg4 38. hxg4 Nd5 39. Bg5 Kc7 40. Kc4 Kc8 41. a4 Kb7 42. Kd3 Kc8 43. Kd4 Kd7 44. Kc4 Kc8 45. Kd4 Kd7 46. Kd3 Kc8 47. Kc4 Kd7 48. b3 Kc8 49. Kd3 Kd7 50. Kd4 Kc8 51. Ke4 Kd7 52. Kf3 Nb4 53. Be3 Nd5 54. Bd2 Ke7 55. Bg5+ Kd7 56. Be3 Ke7 57. Bd4 Kd7 58. Kg3 Ke7 59. Kh4 Nb4 60. Bc3 Nd5 61. Bb2 Nb4 62. Kg5 Ke8 63. Bc3 Nd5 64. Bd2 Ke7 65. Kh6 f5 66. Kg5 Kf7 67. Kh4 f4 68. g5 Ke7 1/2-1/2

[Event "Faaborg 100 aar GM 2025"]
[Site "Faaborg"]
[Date "2025.10.17"]
[Round "7.3"]
[White "Jalving, August"]
[Black "Liu, Casper Yukun"]
[Result "0-1"]
[WhiteElo "2298"]
[BlackElo "2361"]
[WhiteFideId "1471759"]
[BlackFideId "1454153"]
[EventDate "2025.10.13"]
[EventType "tourn"]
[EventRounds "9"]
[EventCountry "DEN"]
[SourceTitle "Live v. Faaborg Skakklub"]

1. e4 e6 2. d3 d5 3. Nd2 Nc6 4. Ngf3 Nf6 5. c3 e5 6. h3 a5 7. Be2 Bc5 8. O-O O-O 9. Qc2 dxe4 10. dxe4 Nh5 11. Nb3 Bb6 12. Nxe5 Nxe5 13. Bxh5 Qh4 14. Qe2 Bxh3 15. Nd4 Be6 16. b3 Rad8 17. Rd1 Rd6 18. g3 Qh3 19. Bf4 f6 20. Nxe6 Rxe6 21. Bf3 Nxf3+ 22. Qxf3 Rfe8 23. Re1 g5 24. Be3 g4 25. Qf4 Rxe4 26. Qxf6 Qh5 27. Bd2 Re2 28. Rxe2 Rxe2 29. Qd8+ Kf7 30. Be1 Qf5 31. Qd1 Bxf2+ 32. Kf1 Rxe1+ 0-1

[Event "Faaborg 100 aar GM 2025"]
[Site "Faaborg"]
[Date "2025.10.17"]
[Round "7.4"]
[White "Hagner, Bennet"]
[Black "Pajeken, Jakob Leon"]
[Result "1-0"]
[WhiteElo "2445"]
[BlackElo "2454"]
[WhiteFideId "16224477"]
[BlackFideId "12942839"]
[EventDate "2025.10.13"]
[EventType "tourn"]
[EventRounds "9"]
[EventCountry "DEN"]
[SourceTitle "Live v. Faaborg Skakklub"]

1. d4 Nf6 2. Nf3 d5 3. e3 c5 4. dxc5 e6 5. b4 a5 6. c3 axb4 7. cxb4 b6 8. Bb5+ Bd7 9. Bxd7+ Nbxd7 10. O-O bxc5 11. b5 Bd6 12. a4 O-O 13. Nbd2 Qb8 14. Bb2 Rc8 15. Qb1 c4 16. Bc3 Nc5 17. Qc2 Bc7 18. h3 Nfe4 19. Nxe4 Nxe4 20. Nd4 Nxc3 21. Qxc3 Ba5 22. Qc2 Qd6 23. Rfd1 Bc7 24. g3 Qc5 25. Nc6 Bd6 26. Rdb1 e5 27. a5 g6 28. Ra4 Re8 29. e4 c3 30. Qb3 d4 31. Rc4 Qa3 32. Qxa3 Bxa3 33. b6 Bb2 34. b7 d3 35. bxa8=Q Rxa8 36. Nb4 d2 37. Nd5 Rd8 38. Rd1 1-0

[Event "Faaborg 100 aar GM 2025"]
[Site "Faaborg"]
[Date "2025.10.17"]
[Round "7.5"]
[White "Thavandiran, Shiyam"]
[Black "Chatalbashev, Boris"]
[Result "1/2-1/2"]
[WhiteElo "2402"]
[BlackElo "2506"]
[WhiteFideId "2605058"]
[BlackFideId "2900440"]
[EventDate "2025.10.13"]
[EventType "tourn"]
[EventRounds "9"]
[EventCountry "DEN"]
[SourceTitle "Live v. Faaborg Skakklub"]

1. e4 c5 2. Nf3 Nc6 3. d4 cxd4 4. Nxd4 g6 5. c4 Nf6 6. Nc3 d6 7. f3 Bg7 8. Be3 O-O 9. Qd2 Nxd4 10. Bxd4 Be6 11. b3 a6 12. Be2 Qa5 13. O-O b5 14. cxb5 axb5 15. Rac1 Rfc8 16. Qe3 Bd7 17. f4 e5 18. fxe5 dxe5 19. Bxe5 Ng4 20. Bxg4 Bxe5 21. Bxd7 Rxc3 22. Rxc3 Qxc3 23. Qxc3 Bxc3 24. Bxb5 Bd4+ 25. Kh1 Rxa2 26. Bc4 Rf2 27. Rd1 Ra2 28. b4 Ra1 29. Rxa1 Bxa1 30. Kg1 Bd4+ 31. Kf1 Kf8 32. b5 h5 33. h4 Ke7 34. Ke2 f6 35. Kf3 Bb6 36. Bd3 Kf7 37. Bc4+ Ke7 38. Bb3 Bc7 39. Ke3 Bg3 40. b6 Kd6 41. b7 Kc7 42. Bf7 Bxh4 43. Bxg6 Bg5+ 44. Kf3 Kxb7 45. Bxh5 Kc7 46. Kg4 Bd2 47. Kf3 1/2-1/2

[Event "Faaborg 100 aar GM 2025"]
[Site "Faaborg"]
[Date "2025.10.18"]
[Round "8.1"]
[White "Hector, Jonny"]
[Black "Thavandiran, Shiyam"]
[Result "1-0"]
[WhiteElo "2431"]
[BlackElo "2402"]
[WhiteFideId "1700090"]
[BlackFideId "2605058"]
[EventDate "2025.10.13"]
[EventType "tourn"]
[EventRounds "9"]
[EventCountry "DEN"]
[SourceTitle "Live v. Faaborg Skakklub"]

1. e4 e6 2. d4 d5 3. Nc3 Nf6 4. Bg5 dxe4 5. Nxe4 Be7 6. Bxf6 gxf6 7. Nf3 a6 8. Qe2 f5 9. Nc3 b5 10. O-O-O b4 11. Na4 Qd5 12. b3 Nd7 13. Qe3 Bb7 14. Bc4 Qe4 15. d5 Qxe3+ 16. fxe3 e5 17. Rhf1 Rg8 18. g3 Rg4 19. Nd2 Bg5 20. Rde1 Re4 21. Nxe4 fxe4 22. Rf5 h6 23. h4 Be7 24. d6 cxd6 25. Bxf7+ Kd8 26. Ref1 Bc6 27. Be6 Bb5 28. R1f2 Rc8 29. Rh5 Bxa4 30. bxa4 Rc3 31. Kd2 Nb6 32. Bb3 d5 33. a5 Nd7 34. Rxh6 d4 35. Rh8+ Kc7 36. Rf7 Kd6 37. Rh6+ Nf6 38. Rhxf6+ Bxf6 39. Rxf6+ Kd7 40. exd4 exd4 41. Rf4 1-0

[Event "Faaborg 100 aar GM 2025"]
[Site "Faaborg"]
[Date "2025.10.18"]
[Round "8.2"]
[White "Rasmussen, Allan Stig"]
[Black "Hacker, Jonas"]
[Result "1-0"]
[WhiteElo "2501"]
[BlackElo "2342"]
[WhiteFideId "1406000"]
[BlackFideId "1270968"]
[EventDate "2025.10.13"]
[EventType "tourn"]
[EventRounds "9"]
[EventCountry "DEN"]
[SourceTitle "Live v. Faaborg Skakklub"]

1. e4 c5 2. Nf3 e6 3. c3 Nf6 4. e5 Nd5 5. a3 d6 6. d4 cxd4 7. c4 Nb6 8. Bg5 Be7 9. Bxe7 Qxe7 10. exd6 Qxd6 11. Nc3 O-O 12. Qxd4 Qxd4 13. Nxd4 Bd7 14. O-O-O Na4 15. Ne4 e5 16. Nb5 Bc6 17. Ned6 a6 18. Nc7 Ra7 19. Nd5 Bxd5 20. Rxd5 Nc6 21. g3 Nb6 22. Rd1 Nd4 23. f4 f6 24. Bg2 Rd8 25. fxe5 fxe5 26. Nxb7 Rb8 27. c5 Na4 28. c6 h6 29. Rhe1 Rc8 30. Na5 1-0